| 000 | 01062nam a22002771u 4500 | ||
|---|---|---|---|
| 001 | 04279 | ||
| 003 | HDC | ||
| 007 | cr bn --- | ||
| 008 | 21011662011 my engy | ||
| 040 | _aHDC | ||
| 110 | _aBiro Pengawalan Farmaseutikal Kebangsaan | ||
| 245 | 0 |
_a LAPORAN TAHUNAN 2011 = _bANNUAL REPORT 2011 / _cby Biro Pengawalan Farmaseutikal Kebangsaan |
|
| 260 |
_aKuala Lumpur : _bBiro Pengawalan Farmaseutikal Kebangsaan, _c2011 |
||
| 300 |
_a139 pages : _bcolour illustrations, colour photographs |
||
| 336 |
_atext _2rdacontent |
||
| 337 |
_acomputer _2rdamedia |
||
| 338 |
_aonline resource _2rdacarrier |
||
| 610 | _aBiro Pengawalan Farmaseutikal Kebangsaan | ||
| 650 |
_aPharmaceutical industry _zMalaysia _91217 |
||
| 650 |
_aPharmaceutical service _91769 |
||
| 650 |
_aPharmacology _zMalaysia _94399 |
||
| 856 | _zRequest full-text at [email protected] | ||
| 942 | _2lcc | ||
| 942 | _cEIS | ||
| 942 | _kAREP 000102 | ||
| 999 |
_c1604 _d1604 |
||